000 01432cam a2200361 a 4500
999 _c20671
_d20671
005 20191230064122.0
008 180423s2017 ck ab gr 00110 spa d
020 _a9789588935263
040 _aCO-BoBLA
_cCO-BoBLA
041 _aspa
043 _as-ck---
044 _ack
082 0 4 _a597.092
_bC38l
100 _aChasqui Velasco, Luis
245 0 0 _aLibro rojo de peces marinos de Colombia (2017) /
_cLuis Chasqui Velasco, Andrea Polanco F., Arturo Acero P. [y otros].
260 _aSanta Marta :
_bInstituto de Investigaciones Marinas y Costeras,
_bMinisterio de Ambiente,
_c2017.
300 _a554 páginas :
_bilustraciones, mapas ;
_c24 x 17.2 cm.
504 _aIncluye referencias bibliográficas (páginas 465-531) e índice.
650 _aPeces marinos
_x Distribución geográfica
_z Colombia.
650 4 _aPeces extintos
_z Colombia.
650 _aPeces marinos
_x Clasificación
_z Colombia.
650 _aPoblación de peces
_z Colombia.
650 _aPeces marinos
_x Hábitos y conducta.
700 1 _aChasqui Velasco, Luis.
700 1 _aPolanco F., Andrea.
700 1 _aAcero P, Arturo.
700 1 _aMejía-Falla, Paola A.
700 1 _aNavia, Andrés Felipe.
700 1 _aZapata Padilla, Luis Alonso.
700 1 _aCaldas, Juan Pablo.
942 _2ddc
_cLIBRO
949 _ac
_bc